| 000 | 00682nam a2200229 a 4500 | ||
|---|---|---|---|
| 001 | 18423 | ||
| 003 | CO-ViMGA | ||
| 008 | 141112s2004 ck r 000 u spa d | ||
| 020 | _a9588160332 | ||
| 040 |
_aCO-ViMGA _bspa _cCO-ViMGA |
||
| 082 | 0 | 4 | _a918.5 T473p |
| 100 | 1 |
_aTristán, Flora _926235 |
|
| 245 | 1 | 0 | _aPeregrinaciones de una paria |
| 260 |
_aBogotá, _cVillegas, _c2003 |
||
| 300 | _a366.p. | ||
| 590 | _aForma de adquisición : Premio - Mincultura | ||
| 650 | 1 | 4 |
_aFLORA, TRISTAN 1803 - 1844 _926236 |
| 650 | 1 | 4 |
_aPERU - CONDICIONES SOCIALES _926237 |
| 650 | 1 | 4 |
_aPERU - DESCRIPCIONES Y VIAJES _926238 |
| 650 | 1 | 4 |
_aPERU - Política Y GOBIERNO _926239 |
| 942 |
_2ddc _cBK |
||
| 999 |
_c27721 _d27721 |
||